Statistiques concernant Intercommunalités du Morbihan

Cliquez ici pour prendre le quiz!

Statistiques générales

  • Ce quiz a été pris 21 fois
  • Le résultat moyen est 7 sur 13

Statistiques - réponses

Nombres de CommunesIntercommunalités% Correct
34Golfe du Morbihan - Vannes Agglomération
100%
25Lorient Agglomération
95%
24 (dont 01 dans les Côtes-d'Armor)Pontivy Communauté
95%
24Auray Quiberon Terre Atlantique
81%
21Roi Morvan Communauté
62%
30Ploërmel Communauté
57%
13Questembert Communauté
48%
06Baud Communauté
38%
12Centre Morbihan Communauté
33%
12Communauté de communes Arc Sud Bretagne
33%
04Communauté de communes de Belle-Île-en-Mer
33%
05Blavet Bellevue Océan Communauté
14%
26De l'Oust à Brocéliande Communauté
0%

Distribution des résultats

Percentile par nombre de réponses

% des personnes avec chaque résultat

Votre développement - résultats

Vous n’avez pas pris ce quiz